Powiaty o identycznych nazwach w różnych województwach. - Statystyki

Ogólne statystyki
  • Ten quiz został rozwiązany 16 razy
    11 od ostatniego zresetowania
  • Średni wynik to 7 z 10
Statystyki odpowiedzi
Województwa Nazwa powiatu % Poprawnych
Wielkopolska/Mazowieckie Ostrowski
100%
Podlaskie/Śląskie Bielski
86%
Pomorskie/Mazowieckie Nowodworski
86%
Wielkopolskie/Dolnośląskie Średzki
86%
Łódzkie/Lubelskie Tomaszowski
86%
Opolskie/Małopolskie Brzeski
71%
Lubelskie/Opolskie Opolski
71%
Wielkopolska/Mazowieckie Grodziski
43%
Lubuskie/Podkarpacki Krośnieński
43%
Dolnośląskie/Lubelskie Świdnicki
29%
Nie znaleziono quizów pasujących do podanych kryteriów
Rozkład punktacji
Procent ludzi z każdym wynikiem
Percentyl według liczby udzielonych odpowiedzi
Twoja historia wyników
Nie rozwiązałeś tego quizu od ostatniego zresetowania